000 00556nam a22001937a 4500
003 NUST - PNEC
005 20170116180806.0
008 150422b xxu||||| |||| 00| 0 eng d
020 _a9694022401
040 _cLIBRARY
082 _a306.44095491 MAN
100 _93014
_aMansoor, Sabiha
245 _aPunjabi, Urdu, English in Pakistan :
_cSabiha Mansoor
250 _a-
260 _aPakistan :
_bVanguard,
_cc 1993
300 _a240 p . :
650 _93016
_aPunjabi, Urdu, English in Pakistan
_xPanjabi language--Social aspects
942 _2ddc
_cBK
999 _c63207
_d63207